LEADER 01002nam a2200205 i 4500 001 000000167057 003 CaOOAMICUS 005 20240214095920.0 008 071122s1923 it u000 u ita u 040 $aSeMil$bita 245 10$aAutografi e cimeli di proprietà del Pio Istituto pei Figli della Provvidenza in Milano. 260 $a[S.l. :$bs.n.],$c1923$e(Milano :$fScuola tipografica Figli della Provvidenza,$g1923) 300 $a78 p. ;$c19 cm. 650 4$aMilano - Istituti di assistenza - Istituto pei Figli della Provvidenza.$0(OLS)http://semarc/subject/31947 650 4$aManzoni, Alessandro <1785-1873> - Celebrativi.$0(OLS)http://semarc/subject/37970 850 $aSeMil 852 $aSeMil$W1$xVenegono$y1$m1O I 426$j246195$B118217$CSeMilBibl$Z2$F129044 $81 996 $6245$aAutografi e cimeli di proprietà del Pio Istituto pei Figli della Provvidenza in Milano$9(OLS)http://semarc/title/238876 996 $6260$a[S.l. :$bs.n.]$9(OLS)http://semarc/publisher/29751 LEADER 01104nam a2200241 i 4500 001 000000196340 003 CaOOAMICUS 005 20110119000000.0 008 110119s1965 it u000 u fre u 013 $a175022 040 $aSeMil$bita 100 1 $aCabié, Robert <1929-2017>.$0(OLS)http://semarc/name/90468 245 13$aLa Pentecôte :$bL'évolution de la Cinquantaine pascale au cours des cinq premiers siècles /$cRobert Cabié Directeur au Grand Séminaire de Toulouse-Albi. 260 $aTournai :$bDesclée,$ccopyr. 1965. 300 $a271 p. ;$c22 cm. 490 0 $aBibliothèque de liturgie 500 $aContiene : Bibliographie. 650 4$aPentecoste.$0(OLS)http://semarc/subject/4618 830 0$aBibliothèque de liturgie.$0(OLS)http://semarc/title/32442 850 $aSeMil 852 $aSeMil$W1$xVenegono$y1$m3K III 261$j146903$B146903$CSeMilBibl$Z2$F158354 $81 996 $6245$aLa Pentecôte :$bL'évolution de la Cinquantaine pascale au cours des cinq premiers siècles$9(OLS)http://semarc/title/283471 996 $6260$aTournai :$bDesclée$9(OLS)http://semarc/publisher/35045